Responses for show #6126 - Monday, April 11, 2011

Christopher Short game 7.

Contestants

Tim Kresowik, a urology resident from Iowa City, Iowa

Heather Timberlake, a new mom from Miami, Florida

Christopher Short, a pub trivia editor from Crawfordsville, Indiana (whose 6-day cash winnings total $94,752)

Jeopardy! Round responses

RIVER CITY
HOMER (SIMPSON)'S ODYSSEY
MEASURE THIS!
EASY MOLECULAR BIOLOGY
NAVY SEALS
ENDS IN "SS"
    $200 6
the Rhine

Tim
    $200 16
Bouvier

Heather
    $200 21
a ten-gallon hat

Christopher
    $200 11
Y

Christopher
    $200 26
Jesse Ventura

Tim
    $200 1
godliness

Heather
    $400 7
(Tim: What is the Danube?)

the Rhine

Tim
Triple Stumper
    $400 17
a boxer

Heather
    $400 22
[Christopher gave both listed responses.]

a knot (or a nautical mile)

Christopher
    $400 12
protein

Christopher
    $400 27
an admiral

Heather
    $400 2
the Preakness

Tim
    $600 8
(Tim: What is the Loire?)

the Rhine

Tim
Triple Stumper
    $600 18
Ned Flanders

Christopher
    $600 23
a 2-by-4

Heather
    $600 13
bacteria

Tim
    $600 28
(Tim: What is a sniper?)

an astronaut

ChristopherTim
    $600 3
spineless

Heather
    $800 9
the Rhine

Christopher
    $800 19
the Springfield nuclear plant

Christopher
    $800 24
an acre

Christopher
    $2,200 14
cloning

Tim
    $800 29
Bob Kerrey

Triple Stumper
    $800 4
an abyss

Heather
    $1000 10
the Danube

Tim
    $1000 20
Abe

Christopher
    $1000 25
millimeters

Tim
    $1000 15
hair

Heather
    $1000 30
Mogadishu

Christopher
    $1000 5
(Heather: What is dress?)

truss

HeatherTim

Scores at the first commercial break (after clue 14):

Christopher Heather Tim
$1,400 $600 $4,400

Scores at the end of the Jeopardy! Round:

Christopher Heather Tim
$6,800 $3,200 $5,000

Double Jeopardy! Round responses

ANCIENT EGYPT
TITLE ROLE PLAYING
AMENDMENT HIGHLIGHTS
BLUE LITERATURE
"EU" FIRST
I'M NEXT!
    $400 26
(Christopher: What are fans?)
(Tim: What are oars?)

sails

ChristopherTim
Triple Stumper
    $400 16
(Peter) O'Toole

Tim
    $400 1
the 1st

Christopher
    $400 3
Sherlock Holmes

Tim
    $400 2
a eulogy

Tim
    $400 21
(Condoleezza) Rice

Christopher
    $800 27
(Heather: What is the Tigris?)

the Euphrates

HeatherTim
    $800 17
(Tom) Hanks

Christopher
    $800 8
the 2nd Amendment

Heather
    $800 4
(Heather: Who is Blackbeard?)

Bluebeard

HeatherTim
    $800 12
eunuchs

Christopher
    $800 22
rat

Christopher
    $1200 28
(Christopher: What is red?)
(Heather: What is orange?)

green

ChristopherHeather
Triple Stumper
    $1200 18
(George) Clooney

Christopher
    $2,000 9
the 5th Amendment

Heather
    $1200 5
Stephen Crane

Heather
    $1200 13
Eucharist

Tim
    $1200 23
Tyler

Heather
    $1600 29
the Alexandrian Library

Heather
    $1600 19
Kathleen Turner

Triple Stumper
    $1600 10
the 8th

Tim
    $3,000 6
(Alex: Anything?)
(Heather: [Shakes head])
(Alex: Did you forget the category?)

The Blue Lagoon

Heather
    $1600 14
Euclid

Tim
    $1600 24
Kofi Annan

Tim
    $2000 30
the Egyptian Book of the Dead

Triple Stumper
    $2000 20
Julia Roberts

Triple Stumper
    $2000 11
the 13th

Tim
    $2000 7
A Patch

Triple Stumper
    $2000 15
a euphonium

Christopher
    $2000 25
(Tim: Who is John Paul I?)
(Christopher: Who is John Paul II?)

Paul VI

ChristopherHeatherTim

Scores at the end of the Double Jeopardy! Round:

Christopher Heather Tim
$9,600 $6,200 $13,400

[wagering suggestions for these scores]

Final Jeopardy! Round responses

GEOGRAPHIC ADJECTIVES
HeatherWhat is Domenican? Repub
$4,000
ChristopherWhat is the Dominican Republic?
$2,000
TimWhat is the Dominican Republic?
$5,801
the Dominican Republic

Final scores:

Christopher Heather Tim
$11,600 $10,200 $19,201
2nd place: $2,000 3rd place: $1,000 New champion: $19,201

Game dynamics:

Coryat scores:

Christopher Heather Tim
$9,600 $8,400 $12,000
18 R,
3 W
14 R
(including 1 DD),
5 W
(including 1 DD)
18 R
(including 1 DD),
5 W

Combined Coryat: $30,000

The J! Archive is created by fans, for fans. The Jeopardy! game show and all elements thereof, including but not limited to copyright and trademark thereto, are the property of Jeopardy Productions, Inc. and are protected under law. This website is not affiliated with, sponsored by, or operated by Jeopardy Productions, Inc. Join the discussion at JBoard.tv.